[Event "San Fernando ChessWork"]
[Site "San Fernando"]
[Date "2024.01.21"]
[Round "4"]
[White "Johnson, Joshua"]
[Black "Harper, Ryan"]
[Result "1-0"]
[WhiteElo "2293"]
[BlackElo "2173"]
[PlyCount "49"]
[EventDate "2024.01.20"]
[EventType "tourn"]
[EventRounds "7"]
[EventCountry "TRI"]
[SourceTitle "CB05_2024"]
[SourceDate "2024.01.31"]
[SourceVersion "1"]
[SourceVersionDate "2024.01.31"]
[SourceQuality "1"]

1. e4 c5 2. Nf3 d6 3. d4 cxd4 4. Nxd4 Nf6 5. Nc3 Nc6 6. Be2 Nxd4 7. Qxd4 e5 8. Qd3 a6 9. Bg5 Be6 10. f4 Qa5 11. f5 Bd7 12. 0-0-0 Bc6 13. Kb1 Be7 14. g4 Nxe4 15. Nxe4 Bxe4 16. Qxe4 Bxg5 17. h4 Bf4 18. Rxd6 0-0 19. f6 g6 20. h5 Rad8 21. hxg6 Rxd6 22. g7 h6 23. Bd3 Rxd3 24. gxf8Q+ Kxf8 25. Qh7 1-0

[Event "San Fernando ChessWork"]
[Site "San Fernando"]
[Date "2024.01.20"]
[Round "1"]
[White "Hermoso Rodriguez, Obdulis"]
[Black "Johnson, Joshua"]
[Result "0-1"]
[WhiteElo "1928"]
[BlackElo "2293"]
[PlyCount "112"]
[EventDate "2024.01.20"]
[EventType "tourn"]
[EventRounds "7"]
[EventCountry "TRI"]
[SourceTitle "CB05_2024"]
[SourceDate "2024.01.31"]
[SourceVersion "1"]
[SourceVersionDate "2024.01.31"]
[SourceQuality "1"]

1. e4 c5 2. Nf3 d6 3. c3 Nf6 4. Bc4 e6 5. Qe2 Be7 6. d4 cxd4 7. cxd4 d5 8. Bb5+ Bd7 9. Bxd7+ Qxd7 10. e5 Ne4 11. Nc3 Nxc3 12. bxc3 Nc6 13. 0-0 Rc8 14. Nd2 Na5 15. Qd3 Qa4 16. f4 f5 17. exf6 Bxf6 18. Nf3 0-0 19. Bd2 Nc4 20. Be1 Nd6 21. Rf2 Rc4 22. Rb1 Rfc8 23. Rb3 Ne4 24. Re2 Qc6 25. Re3 Qa6 26. Qb1 b6 27. g3 Ra4 28. Rb2 Ra3 29. Rc2 Rc4 30. Kg2 Rca4 31. Ree2 Rxc3 32. Bxc3 Nxc3 33. Qe1 Nxe2 34. Qxe2 Qxe2+ 35. Rxe2 Kf7 36. Rd2 Ke7 37. Kf2 Kd6 38. Ke3 Ra3+ 39. Ke2 b5 40. Rc2 h6 41. Kf2 Ra4 42. Ke3 Rc4 43. Rb2 Rc3+ 44. Ke2 a6 45. a4 bxa4 46. Rb6+ Rc6 47. Rb4 Rc4 48. Rb6+ Kc7 49. Rxa6 Kb7 50. Ra5 Bxd4 51. Kd3 Bf6 52. Ng1 Bc3 53. Rb5+ Kc6 54. Rb8 Kc7 55. Rb1 a3 56. Ne2 a2 0-1

[Event "Brno op 12th"]
[Site "Brno"]
[Date "2023.11.15"]
[Round "6"]
[White "Benes, Miroslav"]
[Black "Johnson, Joshua"]
[Result "0-1"]
[WhiteElo "1866"]
[BlackElo "2337"]
[PlyCount "116"]
[EventDate "2023.11.11"]
[EventType "swiss"]
[EventRounds "9"]
[EventCountry "CZE"]
[SourceTitle "CB47_2023"]
[SourceDate "2023.11.22"]
[SourceVersion "1"]
[SourceVersionDate "2023.11.22"]
[SourceQuality "1"]

1. d4 d5 2. c4 c6 3. cxd5 cxd5 4. Bf4 Nf6 5. Nc3 Nc6 6. e3 a6 7. Bd3 Bg4 8. f3 Bh5 9. Nge2 e6 10. Rc1 Bd6 11. 0-0 Bg6 12. Kh1 Bxf4 13. Nxf4 Qd6 14. Bb1 Bxb1 15. Rxb1 0-0 16. Rc1 Rfe8 17. Nd3 e5 18. dxe5 Nxe5 19. Nf4 Rad8 20. Qd4 Nc6 21. Qd2 Qe5 22. Rfe1 h6 23. Nd3 Qg5 24. Qf2 Re7 25. h4 Qf5 26. Rcd1 Rde8 27. g4 Qd7 28. Nf4 d4 29. e4 Re5 30. Ncd5 Qd8 31. Nxf6+ Qxf6 32. Nd5 Qd6 33. h5 Qd8 34. Kg2 Qa5 35. a3 Rc8 36. Qd2 Qd8 37. Rc1 Re8 38. Red1 Qd6 39. Nb6 Rcd8 40. Nd5 Qe5 41. Rc5 Kh7 42. b4 Qd6 43. Qf4 Re5 44. Qxf7 Rf8 45. Qxb7 Rxe4 46. fxe4 Qe6 47. Nf6+ Rxf6 48. Rf5 Qxe4+ 49. Kg3 Qe3+ 50. Kh2 Rxf5 51. gxf5 Qf2+ 52. Kh3 Qxf5+ 53. Kg3 Qg5+ 54. Kf2 Qe3+ 55. Kf1 d3 56. Qxc6 Qe2+ 57. Kg1 Qxd1+ 58. Kf2 Qc2+ 0-1

[Event "Hradec Kralove op 13th"]
[Site "Hradec Kralove"]
[Date "2023.11.11"]
[Round "9"]
[White "Johnson, Joshua"]
[Black "Syzdyk, Samir"]
[Result "1-0"]
[WhiteElo "2337"]
[BlackElo "1639"]
[PlyCount "139"]
[EventDate "2023.11.04"]
[EventType "swiss"]
[EventRounds "9"]
[EventCountry "CZE"]
[SourceTitle "CB46_2023"]
[SourceDate "2023.11.15"]
[SourceVersion "1"]
[SourceVersionDate "2023.11.15"]
[SourceQuality "1"]

1. e4 c5 2. Nf3 d6 3. Bb5+ Nd7 4. d4 cxd4 5. Qxd4 a6 6. Bxd7+ Bxd7 7. 0-0 e5 8. Qd3 h6 9. c4 b5 10. Na3 Rb8 11. Bd2 Nf6 12. cxb5 axb5 13. Bb4 Be7 14. Rad1 Bc6 15. Rfe1 Qb6 16. Nb1 Rd8 17. Qc2 Qb7 18. Nc3 0-0 19. Qe2 Rfe8 20. a3 Bf8 21. Nh4 d5 22. Bxf8 Kxf8 23. exd5 Nxd5 24. Nxd5 Rxd5 25. Rxd5 Bxd5 26. Nf5 Re6 27. Qg4 f6 28. Rd1 Bc6 29. Nxh6 Re7 30. Nf5 Rd7 31. Rc1 Bd5 32. Qb4+ Kg8 33. Qg4 Bc4 34. h4 Rd2 35. b3 Be2 36. f3 Rd1+ 37. Rxd1 Bxd1 38. h5 Bxb3 39. h6 Be6 40. Qxg7+ Qxg7 41. Nxg7 Bf7 42. Nf5 Be6 43. Nd6 Kh7 44. Nxb5 Bb3 45. Nc3 Kxh6 46. Ne4 f5 47. Nc5 Bd5 48. Kf2 Kg5 49. a4 e4 50. fxe4 fxe4 51. Ke3 Kf5 52. a5 Bc6 53. Nb3 Kg4 54. Nd4 Bd5 55. a6 Kg3 56. Ne2+ Kg4 57. a7 Kf5 58. Kd4 Ba8 59. Ke3 Bb7 60. Nc3 Bc6 61. g3 Bb7 62. Kd4 Ba8 63. Nd5 Kg4 64. Kxe4 Kxg3 65. Ke5 Kf3 66. Kd6 Kg4 67. Nb6 Bb7 68. Kc7 Bg2 69. Nc4 Kf5 70. Ne3+ 1-0

[Event "Caribean-chT 24th"]
[Site "San Salvador"]
[Date "2023.07.06"]
[Round "15.1"]
[White "Araujo Sanchez, Josue"]
[Black "Johnson, Joshua"]
[Result "1-0"]
[WhiteElo "2403"]
[BlackElo "2271"]
[PlyCount "43"]
[EventDate "2023.07.06"]
[EventType "tourn"]
[EventRounds "15"]
[EventCountry "ESA"]
[SourceTitle "CBM 215 Extra"]
[Source "ChessBase"]
[SourceDate "2023.09.30"]
[SourceVersion "1"]
[SourceVersionDate "2023.09.30"]
[SourceQuality "1"]
[WhiteTeam "Dominican Republic"]
[BlackTeam "Trinidad and Tobago"]
[WhiteTeamCountry "DOM"]
[BlackTeamCountry "TRI"]

1. d4 d5 2. Nc3 Nf6 3. Bf4 a6 4. e3 c5 5. Nf3 Nc6 6. Be2 cxd4 7. exd4 Bf5 8. 0-0 h6 9. Ne5 e6 10. Nxc6 bxc6 11. Na4 Nd7 12. c4 Be7 13. Rc1 0-0 14. Qd2 Nb6 15. Nxb6 Qxb6 16. c5 Qb7 17. Rc3 Qb4 18. a3 Qa4 19. Bd1 Qa5 20. Bxh6 gxh6 21. Rg3+ Bg6 22. Qxa5 1-0

[Event "Caribean-chT 24th"]
[Site "San Salvador"]
[Date "2023.07.06"]
[Round "5.1"]
[White "Escalona Landi, Samid Eduardo"]
[Black "Johnson, Joshua"]
[Result "1-0"]
[WhiteElo "2286"]
[BlackElo "2271"]
[PlyCount "59"]
[EventDate "2023.07.06"]
[EventType "tourn"]
[EventRounds "15"]
[EventCountry "ESA"]
[SourceTitle "CBM 215 Extra"]
[Source "ChessBase"]
[SourceDate "2023.09.30"]
[SourceVersion "1"]
[SourceVersionDate "2023.09.30"]
[SourceQuality "1"]
[WhiteTeam "Venezuela"]
[BlackTeam "Trinidad and Tobago"]
[WhiteTeamCountry "VEN"]
[BlackTeamCountry "TRI"]

1. e4 e5 2. Nf3 Nc6 3. Nc3 Nf6 4. d4 exd4 5. Nxd4 Bb4 6. Nxc6 bxc6 7. Bd3 d5 8. Bd2 Rb8 9. 0-0 0-0 10. exd5 cxd5 11. h3 h6 12. Qf3 Be6 13. a3 Be7 14. Rab1 c5 15. Bf4 Rc8 16. Rfd1 c4 17. Bf1 Qa5 18. Be5 Rfd8 19. Bd4 Ne8 20. g3 Nd6 21. g4 Bg5 22. Bg2 Nb7 23. Qg3 Nc5 24. f4 Be7 25. f5 Bd7 26. Nxd5 Bf8 27. f6 g6 28. Ne7+ Bxe7 29. fxe7 Re8 30. Qe5 1-0

[Event "Caribean-chT 24th"]
[Site "San Salvador"]
[Date "2023.07.06"]
[Round "9.1"]
[White "Gabriel, Davidson"]
[Black "Johnson, Joshua"]
[Result "0-1"]
[WhiteElo "2009"]
[BlackElo "2271"]
[PlyCount "76"]
[EventDate "2023.07.06"]
[EventType "tourn"]
[EventRounds "15"]
[EventCountry "ESA"]
[SourceTitle "CBM 215 Extra"]
[Source "ChessBase"]
[SourceDate "2023.09.30"]
[SourceVersion "1"]
[SourceVersionDate "2023.09.30"]
[SourceQuality "1"]
[WhiteTeam "Haiti"]
[BlackTeam "Trinidad and Tobago"]
[WhiteTeamCountry "HAI"]
[BlackTeamCountry "TRI"]

1. e4 e5 2. Nf3 Nc6 3. Bb5 a6 4. Ba4 Nf6 5. d3 b5 6. Bb3 Bc5 7. 0-0 d6 8. c3 0-0 9. h3 h6 10. Re1 Ba7 11. a4 b4 12. a5 Rb8 13. Nbd2 Re8 14. Nf1 Ne7 15. Be3 Bxe3 16. Nxe3 c5 17. Nc4 Be6 18. Ba4 Rf8 19. Nb6 bxc3 20. bxc3 Nc8 21. Nxc8 Bxc8 22. Bb3 Rb5 23. d4 Qc7 24. Bc4 Rxa5 25. Qd3 cxd4 26. cxd4 Rxa1 27. Rxa1 exd4 28. Nxd4 Re8 29. f3 a5 30. Nb5 Qc5+ 31. Kh1 d5 32. exd5 Bf5 33. Qf1 Rc8 34. Be2 Qxd5 35. Rxa5 Qd2 36. Ra1 Rc2 37. Re1 Nh5 38. Kh2 Nf4 0-1

[Event "Caribean-chT 24th"]
[Site "San Salvador"]
[Date "2023.07.06"]
[Round "6.1"]
[White "Johnson, Joshua"]
[Black "Urbina, Ricardo"]
[Result "0-1"]
[WhiteElo "2271"]
[BlackElo "2217"]
[PlyCount "50"]
[EventDate "2023.07.06"]
[EventType "tourn"]
[EventRounds "15"]
[EventCountry "ESA"]
[SourceTitle "CBM 215 Extra"]
[Source "ChessBase"]
[SourceDate "2023.09.30"]
[SourceVersion "1"]
[SourceVersionDate "2023.09.30"]
[SourceQuality "1"]
[WhiteTeam "Trinidad and Tobago"]
[BlackTeam "Honduras"]
[WhiteTeamCountry "TRI"]
[BlackTeamCountry "HON"]

1. e4 c5 2. Nf3 Nc6 3. Bb5 g6 4. 0-0 Bg7 5. c3 Nf6 6. Re1 0-0 7. d4 cxd4 8. cxd4 d6 9. h3 a6 10. Bd3 b5 11. d5 Nb8 12. a4 b4 13. Nbd2 Nbd7 14. Bf1 Nc5 15. a5 Bd7 16. g4 Bb5 17. g5 Nfd7 18. Nc4 Bxc4 19. Bxc4 Qc7 20. Bf1 Rfb8 21. Nd4 Bxd4 22. Qxd4 Nb3 23. Qd3 Nxa1 24. Bf4 Nc2 25. Rc1 b3 0-1

[Event "Caribean-chT Rapid 24th"]
[Site "San Salvador"]
[Date "2023.07.04"]
[Round "9.1"]
[White "Johnson, Joshua"]
[Black "Baules Rodriguez, Jorge Luis"]
[Result "1-0"]
[WhiteElo "2207"]
[BlackElo "2343"]
[PlyCount "140"]
[EventDate "2023.07.03"]
[EventType "tourn (rapid)"]
[EventRounds "15"]
[EventCountry "ESA"]
[SourceTitle "CBM 215 Extra"]
[Source "ChessBase"]
[SourceDate "2023.09.30"]
[SourceVersion "1"]
[SourceVersionDate "2023.09.30"]
[SourceQuality "1"]
[WhiteTeam "Trinidad and Tobago"]
[BlackTeam "Panama"]
[WhiteTeamCountry "TRI"]
[BlackTeamCountry "PAN"]

1. e4 c5 2. Nf3 a6 3. c3 d5 4. exd5 Qxd5 5. d4 e6 6. Be3 cxd4 7. cxd4 Nf6 8. Nc3 Qd6 9. Bd3 Be7 10. 0-0 Nc6 11. Qe2 Nb4 12. Bc4 0-0 13. Rad1 b6 14. Ne5 Bb7 15. Bf4 Nbd5 16. Nxd5 Nxd5 17. Bg3 Qd8 18. Rfe1 b5 19. Bd3 g6 20. Bb1 Rc8 21. Rd3 Bg5 22. Qg4 Bh6 23. Bh4 Qa5 24. Rdd1 Bg7 25. Nd7 Rfe8 26. Bg5 Qc7 27. Nc5 Qb6 28. Bh4 Qc7 29. Bg3 Qe7 30. Qf3 Rxc5 31. dxc5 Qxc5 32. Qb3 Rc8 33. Be4 a5 34. a4 b4 35. h4 h5 36. Rc1 Qf8 37. Rc2 Rxc2 38. Qxc2 Qe8 39. Rd1 Bc6 40. b3 Nc3 41. Bxc6 Qxc6 42. Rd6 Qc5 43. Rd7 Be5 44. Bxe5 Qxe5 45. Qd3 Ne2+ 46. Kf1 Nf4 47. Rd8+ Kh7 48. Qd4 Qe2+ 49. Kg1 e5 50. Qc4 Kg7 51. Qxe2 Nxe2+ 52. Kf1 Nd4 53. Rd5 Nxb3 54. Rxe5 Kf6 55. Rb5 Ke6 56. Ke1 Kd6 57. Kd1 Kc6 58. f3 f5 59. Rb8 Nc5 60. Rg8 Nxa4 61. Rxg6+ Kb5 62. Rg5 Nc3+ 63. Kc2 Kc4 64. Rxf5 Nd5 65. Rxh5 a4 66. Rxd5 Kxd5 67. h5 Kc4 68. h6 b3+ 69. Kb1 a3 70. h7 Kd5 1-0

[Event "Caribean-chT Rapid 24th"]
[Site "San Salvador"]
[Date "2023.07.03"]
[Round "5.1"]
[White "Johnson, Joshua"]
[Black "Escalona Landi, Samid Eduardo"]
[Result "1/2-1/2"]
[WhiteElo "2207"]
[BlackElo "2233"]
[PlyCount "106"]
[EventDate "2023.07.03"]
[EventType "tourn (rapid)"]
[EventRounds "15"]
[EventCountry "ESA"]
[SourceTitle "CBM 215 Extra"]
[Source "ChessBase"]
[SourceDate "2023.09.30"]
[SourceVersion "1"]
[SourceVersionDate "2023.09.30"]
[SourceQuality "1"]
[WhiteTeam "Trinidad and Tobago"]
[BlackTeam "Venezuela"]
[WhiteTeamCountry "TRI"]
[BlackTeamCountry "VEN"]

1. e4 c5 2. Nf3 d6 3. Bb5+ Nc6 4. 0-0 Bd7 5. Re1 a6 6. Bf1 Bg4 7. c3 Nf6 8. d4 cxd4 9. cxd4 Bxf3 10. gxf3 e5 11. d5 Nd4 12. Be3 Be7 13. Nd2 0-0 14. f4 Rc8 15. fxe5 dxe5 16. Bxd4 exd4 17. Nf3 Qb6 18. d6 Bxd6 19. e5 Bb4 20. exf6 Bxe1 21. fxg7 Bxf2+ 22. Kxf2 d3+ 23. Kg2 Qxb2+ 24. Kh1 Rfd8 25. Rb1 Qc2 26. Nd2 Qxd1 27. Rxd1 Rc2 28. a4 b5 29. axb5 axb5 30. Ne4 d2 31. Bxb5 Rc1 32. Be2 Kxg7 33. Kg2 Re8 34. Kf3 f5 35. Nxd2 Rc2 36. Kf2 Kf6 37. Bd3 Rb2 38. Kg1 Rd8 39. Nf3 Rg8+ 40. Kh1 Rd8 41. Kg1 Rb3 42. Ne1 h5 43. Kf1 Rb2 44. Nf3 Rd5 45. Be2 Rxd1+ 46. Bxd1 Ke6 47. Be2 Kf6 48. Kf2 f4 49. Ne1 Kg5 50. Kf3 Rb3+ 51. Kg2 Rb2 52. Kf3 Rb3+ 53. Kg2 Rb2 1/2-1/2

[Event "American Continental 17th"]
[Site "Juan Dolio"]
[Date "2023.05.18"]
[Round "5"]
[White "Hungaski, Robert Andrew"]
[Black "Johnson, Joshua"]
[Result "1/2-1/2"]
[WhiteElo "2506"]
[BlackElo "2249"]
[PlyCount "127"]
[EventDate "2023.05.15"]
[EventType "swiss"]
[EventRounds "11"]
[EventCountry "DOM"]
[SourceTitle "CBM 214 Extra"]
[Source "ChessBase"]
[SourceDate "2023.07.31"]
[SourceVersion "1"]
[SourceVersionDate "2023.07.31"]
[SourceQuality "1"]

1. e4 e5 2. Nf3 Nc6 3. Nc3 Nf6 4. Bb5 Nd4 5. 0-0 c6 6. Bd3 Nxf3+ 7. Qxf3 d6 8. a4 g6 9. a5 Bg7 10. b4 Be6 11. b5 c5 12. a6 b6 13. Ra4 0-0 14. Bc4 Qd7 15. d3 Kh8 16. Ra1 Ng8 17. Rb1 Rad8 18. Bg5 f6 19. Bd2 Ne7 20. Qg3 d5 21. exd5 Nxd5 22. Rfe1 Nc7 23. Rbd1 Bxc4 24. dxc4 Qf5 25. Ne4 Rd4 26. Qe3 Rfd8 27. Qe2 Qd7 28. Nc3 Rxd2 29. Rxd2 Qxd2 30. Rd1 Qxd1+ 31. Nxd1 f5 32. Ne3 e4 33. h4 Bc3 34. Nd5 Be5 35. Nxc7 Bxc7 36. g4 Bb8 37. h5 Rd4 38. c3 Rd6 39. Kf1 Kg7 40. hxg6 hxg6 41. gxf5 gxf5 42. Qh5 Rf6 43. Qe8 Rf8 44. Qe7+ Rf7 45. Qg5+ Kh7 46. Qd8 Bf4 47. Kg2 Bc1 48. Qe8 Kg7 49. Qe5+ Kh7 50. Kh3 Bg5 51. Kg3 Kg6 52. Qe6+ Kg7 53. Kh3 Be7 54. Qe5+ Kg6 55. Qb8 Bf6 56. Qg8+ Rg7 57. Qe8+ Kg5 58. f3 Kf4 59. fxe4 fxe4 60. Qf8 Kf5 61. Qc8+ Kf4 62. Qf8 Kf5 63. Qc8+ Kf4 64. Qf8 1/2-1/2

[Event "American Continental 17th"]
[Site "Juan Dolio"]
[Date "2023.05.17"]
[Round "4"]
[White "Johnson, Joshua"]
[Black "Barrientos Chavarriaga, Sergio E"]
[Result "1/2-1/2"]
[WhiteElo "2249"]
[BlackElo "2479"]
[PlyCount "181"]
[EventDate "2023.05.15"]
[EventType "swiss"]
[EventRounds "11"]
[EventCountry "DOM"]
[SourceTitle "CBM 214 Extra"]
[Source "ChessBase"]
[SourceDate "2023.07.31"]
[SourceVersion "1"]
[SourceVersionDate "2023.07.31"]
[SourceQuality "1"]

1. e4 c5 2. Nf3 a6 3. c3 d5 4. exd5 Qxd5 5. d4 Nf6 6. Be2 e6 7. 0-0 Nbd7 8. Re1 Be7 9. Nbd2 0-0 10. Nc4 Rd8 11. Bf4 Qc6 12. a4 Nd5 13. Na5 Qb6 14. Nc4 Qa7 15. Bg3 N7f6 16. Bd3 Bd7 17. Nce5 Be8 18. Qe2 cxd4 19. Nxd4 Rac8 20. Bc2 Bc5 21. Nef3 Bd6 22. Ng5 Bxg3 23. hxg3 Qb6 24. a5 Qd6 25. Rad1 h6 26. Ne4 Qc7 27. Ra1 Qe7 28. Bb3 Nxe4 29. Qxe4 Rc5 30. Qf3 Qf6 31. Qg4 Bd7 32. Qe4 Rdc8 33. Bc2 g6 34. Bd3 h5 35. Nb3 R5c7 36. Nd4 Ne7 37. Qe2 Kg7 38. Be4 Rh8 39. Qe3 h4 40. g4 e5 41. g5 Qd6 42. Nb3 Bc6 43. Rad1 Qe6 44. Bxc6 Nxc6 45. Nc5 Qf5 46. b4 h3 47. g3 h2+ 48. Kg2 Rh5 49. Ne4 Re7 50. Qf3 Rh8 51. g4 Qxf3+ 52. Kxf3 Nd8 53. Kg3 Ne6 54. Rh1 Ree8 55. Rxh2 Nf4 56. Rdh1 Rxh2 57. Rxh2 Rd8 58. Nf6 Ne2+ 59. Kf3 Nxc3 60. Rh7+ Kf8 61. Rh8+ Ke7 62. Rxd8 Kxd8 63. Ne4 Nb5 64. Nc5 Nd6 65. Ke3 Kc7 66. Nd3 Nc4+ 67. Ke4 Kd6 68. Nc5 Nxa5 69. Kd3 Nc6 70. Nxb7+ Kd5 71. Kc3 e4 72. Kb3 Ne5 73. Nd8 Nxg4 74. Nxf7 Nxf2 75. Nh8 e3 76. Kc2 Ke4 77. Nxg6 Nd3 78. Nh4 Nxb4+ 79. Kd1 Kd3 80. Ng2 e2+ 81. Ke1 Nc2+ 82. Kf2 Kd2 83. g6 Ne3 84. g7 Ng4+ 85. Kg3 Nf6 86. Kh4 a5 87. Kg5 Ng8 88. Kg6 a4 89. Kf7 Nh6+ 90. Kg6 Ng8 91. Kf7 1/2-1/2

[Event "Central America-ch 24th"]
[Site "San Salvador"]
[Date "2023.01.21"]
[Round "5"]
[White "Johnson, Joshua"]
[Black "Cardoso Cardoso, Jose Gabriel"]
[Result "0-1"]
[WhiteElo "2172"]
[BlackElo "2418"]
[PlyCount "96"]
[EventDate "2023.01.21"]
[EventType "swiss"]
[EventRounds "11"]
[EventCountry "ESA"]
[SourceTitle "CBM 212 Extra"]
[Source "ChessBase"]
[SourceDate "2023.03.31"]
[SourceVersion "1"]
[SourceVersionDate "2023.03.31"]
[SourceQuality "1"]

1. e4 c5 2. Nf3 d6 3. Bb5+ Nd7 4. Ba4 Ngf6 5. 0-0 a6 6. c3 b5 7. Bc2 c4 8. d4 cxd3 9. Qxd3 Bb7 10. Qe2 e6 11. Rd1 Be7 12. Bf4 Qc7 13. Nbd2 0-0 14. h3 e5 15. Bg5 Rfe8 16. Nf1 Nc5 17. Ng3 g6 18. Rd2 Ne6 19. Bb3 Nc5 20. Bxf6 Bxf6 21. Rad1 Rad8 22. Qe3 Ne6 23. Ne2 Bg7 24. Bd5 Bc8 25. Ng5 Qe7 26. Nxe6 fxe6 27. Bb3 Qc7 28. Qg5 Bb7 29. Ng3 Kh8 30. h4 Bf8 31. h5 Qf7 32. Rd3 Qf4 33. Qxf4 exf4 34. Ne2 Bxe4 35. Rd4 d5 36. f3 Bf5 37. hxg6 Bc5 38. Kf1 Bxd4 39. Nxd4 hxg6 40. Nc6 Rc8 41. Ne5 Kg7 42. Kf2 Rc7 43. a3 Kf6 44. Re1 a5 45. g3 fxg3+ 46. Kxg3 g5 47. Ng4+ Bxg4 48. fxg4 Rh8 0-1

[Event "Olympiad-44"]
[Site "Chennai"]
[Date "2022.08.08"]
[Round "10.2"]
[White "Salim, Mohammed Salim Al"]
[Black "Johnson, Joshua"]
[Result "0-1"]
[WhiteElo "1917"]
[BlackElo "2178"]
[PlyCount "118"]
[EventDate "2022.07.29"]
[EventType "team-swiss"]
[EventRounds "11"]
[EventCountry "IND"]
[SourceTitle "CBM 210"]
[Source "ChessBase"]
[SourceDate "2022.10.31"]
[SourceVersion "1"]
[SourceVersionDate "2022.10.31"]
[SourceQuality "1"]
[WhiteTeam "Oman"]
[BlackTeam "Trinidad and Tobago"]
[WhiteTeamCountry "OMN"]
[BlackTeamCountry "TRI"]

1. e4 e5 2. Nc3 Nf6 3. g3 Bc5 4. Bg2 c6 5. Nf3 d5 6. Nxe5 dxe4 7. 0-0 Qd4 8. Nxe4 Qxe5 9. Re1 0-0 10. c3 Nxe4 11. Bxe4 Qf6 12. d4 Bb6 13. Bf4 Bf5 14. Bxf5 Qxf5 15. Re5 Qf6 16. Qg4 Na6 17. Rae1 Bc7 18. Rf5 Qg6 19. Rg5 f5 20. Qh4 Bd8 21. Rxg6 Bxh4 22. Rd6 Bf6 23. Rd7 Rf7 24. Rd6 Nc7 25. Be5 Rd8 26. Rxd8+ Bxd8 27. Bxc7 Bxc7 28. Re8+ Rf8 29. Re7 Rc8 30. f4 b5 31. b4 Kf8 32. Rd7 Bb6 33. Kf2 Rc7 34. Rd8+ Ke7 35. Rh8 h6 36. h4 a5 37. a3 axb4 38. axb4 Ra7 39. Rg8 Ra3 40. Rxg7+ Kf6 41. Rb7 Bd8 42. Rd7 Be7 43. d5 Rxc3 44. dxc6 Bxb4 45. Rb7 Bc5+ 46. Ke2 b4 47. c7 Bd6 48. Rb6 Ke6 49. Rb8 Rxc7 50. Rh8 b3 51. Kd3 b2 52. Rb8 Rc3+ 53. Kxc3 Bxb8 54. Kxb2 Kd5 55. Kc2 Ke4 56. g4 fxg4 57. Kd2 Kxf4 58. Ke2 Ba7 59. Kf1 Kf3 0-1

[Event "Trinidad & Tobago Masters"]
[Site "Port of Spain"]
[Date "2022.07.03"]
[Round "3"]
[White "Johnson, Joshua"]
[Black "Zapata, Alonso"]
[Result "1-0"]
[WhiteElo "2178"]
[BlackElo "2352"]
[PlyCount "67"]
[EventDate "2022.07.02"]
[EventType "tourn"]
[EventRounds "9"]
[EventCountry "TRI"]
[EventCategory "1"]
[SourceTitle "CBM 209 Extra"]
[Source "ChessBase"]
[SourceDate "2022.09.30"]
[SourceVersion "1"]
[SourceVersionDate "2022.09.30"]
[SourceQuality "1"]

1. e4 c5 2. Nf3 e6 3. d4 cxd4 4. Nxd4 Nc6 5. Nc3 Qc7 6. Be3 Nf6 7. Qd2 a6 8. 0-0-0 Be7 9. f3 0-0 10. g4 Rd8 11. g5 Ne8 12. Qf2 b5 13. f4 Rb8 14. Nxc6 Qxc6 15. Bg2 Bb7 16. Rhg1 Qc8 17. Ba7 b4 18. Na4 Bc6 19. Bxb8 Qxb8 20. Nc5 Qb6 21. Nd3 Qxf2 22. Nxf2 Bc5 23. Rgf1 Be3+ 24. Kb1 Bxf4 25. Nd3 Bxh2 26. Nxb4 Bb7 27. Nd3 a5 28. Bf3 Ba6 29. b3 Bd6 30. c4 Rb8 31. Kc2 Rc8 32. Rd2 Be7 33. Ne5 d6 34. Nxf7 1-0

[Event "Trinidad & Tobago Masters"]
[Site "Port of Spain"]
[Date "2022.07.02"]
[Round "2"]
[White "Winter Roach, Alex"]
[Black "Johnson, Joshua"]
[Result "0-1"]
[WhiteElo "2250"]
[BlackElo "2178"]
[PlyCount "60"]
[EventDate "2022.07.02"]
[EventType "tourn"]
[EventRounds "9"]
[EventCountry "TRI"]
[EventCategory "1"]
[SourceTitle "CBM 209 Extra"]
[Source "ChessBase"]
[SourceDate "2022.09.30"]
[SourceVersion "1"]
[SourceVersionDate "2022.09.30"]
[SourceQuality "1"]

1. e4 e5 2. Nf3 Nc6 3. d4 exd4 4. Nxd4 Nf6 5. Nxc6 bxc6 6. e5 Qe7 7. Qe2 Nd5 8. h4 Qe6 9. c4 Nb6 10. Nd2 a5 11. b3 a4 12. Bb2 axb3 13. axb3 Rxa1+ 14. Bxa1 Bb4 15. h5 0-0 16. g3 Qf5 17. Qd3 d6 18. Qxf5 Bxf5 19. Ke2 Ra8 20. Bd4 dxe5 21. Be3 Ra2 22. Bg2 Bc2 23. Bxc6 Bxb3 24. Kd3 Bc2+ 25. Ke2 e4 26. Rc1 Bd3+ 27. Ke1 Nxc4 28. Bd5 Rxd2 29. Bxd2 Bxd2+ 30. Kd1 Bxc1 0-1

[Event "Online Olym Div3 D"]
[Site "Chess.com INT"]
[Date "2021.08.29"]
[Round "9.5"]
[White "Benitez Galeano, Alejandro"]
[Black "Johnson, Joshua"]
[Result "0-1"]
[WhiteElo "2201"]
[BlackElo "2131"]
[PlyCount "48"]
[EventDate "2021.08.27"]
[EventType "team-tourn (rapid)"]
[EventRounds "9"]
[EventCountry "USA"]
[SourceTitle "CBM 204 Extra"]
[Source "ChessBase"]
[SourceDate "2021.11.30"]
[SourceVersion "1"]
[SourceVersionDate "2021.11.30"]
[SourceQuality "1"]
[WhiteTeam "Paraguay"]
[BlackTeam "Trinidad and Tobago"]
[WhiteTeamCountry "PAR"]
[BlackTeamCountry "TRI"]

1. Nf3 d5 2. c4 d4 3. g3 Nc6 4. Bg2 e5 5. d3 Bb4+ 6. Bd2 a5 7. 0-0 Nge7 8. e3 0-0 9. exd4 exd4 10. a3 Bc5 11. Re1 Bf5 12. Ne5 Nxe5 13. Rxe5 Bd6 14. Rxa5 Bxd3 15. c5 Be5 16. Bxb7 Rb8 17. Qf3 Bg6 18. c6 Bf6 19. Bb4 Re8 20. Nd2 d3 21. Nc4 Qd4 22. Nd2 Qxb2 23. Re1 Bc3 24. Rb1 Qxd2 0-1

[Event "Online Olym Div3 D"]
[Site "Chess.com INT"]
[Date "2021.08.27"]
[Round "3.3"]
[White "Johnson, Joshua"]
[Black "Guillaume, Jude Mirvens"]
[Result "1-0"]
[WhiteElo "2131"]
[BlackElo "2022"]
[PlyCount "41"]
[EventDate "2021.08.27"]
[EventType "team-tourn (rapid)"]
[EventRounds "9"]
[EventCountry "USA"]
[SourceTitle "CBM 204 Extra"]
[Source "ChessBase"]
[SourceDate "2021.11.30"]
[SourceVersion "1"]
[SourceVersionDate "2021.11.30"]
[SourceQuality "1"]
[WhiteTeam "Trinidad and Tobago"]
[BlackTeam "Haiti"]
[WhiteTeamCountry "TRI"]
[BlackTeamCountry "HAI"]

1. e4 e6 2. d4 g6 3. Nc3 Bg7 4. Be3 d6 5. Qd2 Ne7 6. 0-0-0 Nd7 7. Bh6 0-0 8. h4 Nf6 9. Be2 e5 10. Bxg7 Kxg7 11. dxe5 Ng4 12. exd6 cxd6 13. h5 Nxf2 14. Qd4+ Kg8 15. Qxf2 Nc6 16. Nf3 Bg4 17. Qg3 Bxf3 18. gxf3 Ne5 19. f4 Nc6 20. Qh2 Qe7 21. Nd5 1-0